Minecraft: Forgettable Blocks and Items - Statistics

General Stats
  • This quiz has been taken 161 times
  • The average score is 8 of 16
Answer Stats
Picture Answer % Correct
Carrot on a Stick
87%
Rabbit Hide
82%
Dried Kelp Block
64%
Echo Shard
63%
Rooted Dirt
62%
Turtle Shell
57%
Popped Chorus Fruit
55%
Honeycomb Block
54%
Ominous Bottle
48%
Recovery Compass
43%
Red Nether Bricks
43%
Disc Fragment
41%
Budding Amethyst
40%
Warped Nylium
40%
Chipped Anvil
28%
Grey Terracotta
20%
No matching quizzes found
Score Distribution
Percent of People with Each Score
Percentile by Number Answered
Your Score History
You have not taken this quiz